000 00733nam a2200253 a 4500
001 nice12345678
003 IN_TiNIC
005 20260116014958.0
008 050524s1989 newa grp 000 0 eng
020 _a0809182
_c582.75
082 0 0 _a266
_bGIT
100 _aGittins, Anthony J
245 _aGifts and Strangers
_b Meeting the Challenge of Inculturation.
260 _aNew York
_bPaulist Press
_c1989
300 _a144p
500 _aincludes index and biblioraphy
505 2 _aFootnotes ofthe list of the names/ chaiers of "Holy Land"
650 _aTheology-Inculturation
650 _aCatholic Church Missions-India
700 1 _aGittins, Anthony J
902 _bSRS
942 _cBK
999 _c17814
_d17814